Riquezas vegetales, animales y aspectos fisícos de la región bañada por los ríos Ariari, Guaviare y sus afluentes (Registro nro. 12908)

Detalles MARC
000 -CABECERA
Campo de control 007030000a22001930004500
090 ## - CLASIFICACIÓN LOCAL
Colección AR
Consecutivo 03873
041 0# - IDIOMA
Código de idioma para texto/pista de sonido o título separado
245 10 - MENCION DE TITULO
Título Riquezas vegetales, animales y aspectos fisícos de la región bañada por los ríos Ariari, Guaviare y sus afluentes
260 ## - PUBLICACION, DISTRIBUCION, ETC. (PIE DE IMPRENTA)
Lugar de publicación, distribución, etc. s.l.
Nombre del editor, distribuidor, etc. Ediciones fondo cultural cafetero
Fecha de publicación, distribución, etc. 1990
300 ## - DESCRIPCION FISICA
Extensión 87-99
500 ## - NOTA GENERAL
Nota general <Colección Biocomercio>
650 14 - ASIENTO SECUNDARIO DE MATERIA - TERMINO TEMATICO
Término temático o nombre geográfico como elemento de entrada Geografía
650 14 - ASIENTO SECUNDARIO DE MATERIA - TERMINO TEMATICO
Término temático o nombre geográfico como elemento de entrada Fauna
650 14 - ASIENTO SECUNDARIO DE MATERIA - TERMINO TEMATICO
Término temático o nombre geográfico como elemento de entrada Flora
650 14 - ASIENTO SECUNDARIO DE MATERIA - TERMINO TEMATICO
Término temático o nombre geográfico como elemento de entrada Usos tradicionales
651 #4 - ASIENTO SECUNDARIO DE MATERIA - NOMBRE GEOGRAFICO
-- Río Ariari, Río Guaviare
-- Orinoquia, Colombia
773 1# - Item fuente:
Título En Calazans Vela, José y Molano, Alfredo/ Dos viajes por la Orinoquia colombiana 1889-1988
942 ## - ELEMENTOS ADICIONALES (KOHA)
Tipo de ítem Artículo
Existencias
Withdrawn status Lost status Damaged status No para préstamo Colección Ubicación Permanente Ubicación actual Fecha de adquisición Fuente de Valor Datos de publicación Seriada Total Checkouts Número topográfico Inventario / Código de Barras Date last seen Ejemplar Price effective from Forma de adquisición Tipo de material
      No para Préstamo Hemeroteca Bogotá Bogotá 27/02/2015 Biocomercio Fuera de circulación   AR 03873 017425 25/03/2015 1 25/03/2015   Artículo